Algoritmičeskoje obespečenije složnych sistem upravlenija

Gespeichert in:
Bibliographische Detailangaben
Format: Buch
Sprache:Russisch
Veröffentlicht: Kijev Vyšča škola 1989
Ausgabe:1. izd.
Tags: Tag hinzufügen
Keine Tags, Fügen Sie das erste Tag hinzu!

MARC

LEADER 00000nam a2200000 4500
001 c039913
005 20260202080148.7
041 0 |a rus 
044 |a UA 
245 1 0 |a Algoritmičeskoje obespečenije složnych sistem upravlenija  |c A.A. Pavlov 
250 |a 1. izd. 
264 1 |a Kijev  |b Vyšča škola  |c 1989 
300 |a 164 s.